BENELUX

Sábháilte in:
Sonraí bibleagrafaíochta
Príomhchruthaitheoir: Schneider, J. W.
Formáid: Téacs
Foilsithe / Cruthaithe: s.l: s.e.
Clibeanna: Cuir clib leis
Níl clibeanna ann, Bí ar an gcéad duine le clib a chur leis an taifead seo!

MARC

LEADER 00000 a a2200000 04500
001 24094
003
040
090 |a 171200  
100 |a Schneider, J. W.  
245 |a BENELUX  
260 |a s.l:   |b s.e.  
300 |a pp. 71-115  
999 |c 13333  |d 13333